Szczegóły MARC21

Zarys współczesnej promocji zdrowia /

003 -Nazwa inst., której nr kontr. jest w polu 001 [,]
    • @
    • Nazwa instytucji, której n kontrolny jest w polu 001
    • NUKAT
005 -DATA I CZAS OSTATNIEJ MODYFIKACJI [,]
    • @
    • pole kontrolne
    • 20241231100709.0
020 -Międzynarod. znormalizowany nr książki - ISBN [ , ]
    • a
    • Numer ISBN
    • 9788320041415 Find
040 -Instytucja sporządzająca opis [ , ]
    • a
    • Instytucja, która sporządziła opis (NP)
    • OLSZT 003/WO
    • c
    • Instytucja, która sporządziła rekord (NP)
    • OLSZT 003/WO
    • d
    • Instytucja, która zmodyfikowała rekord (P)
    • OLSZT 003/DSs
    • d
    • Instytucja, która zmodyfikowała rekord (P)
    • GD 27/MDUs
    • d
    • Instytucja, która zmodyfikowała rekord (P)
    • KR U/42GZ
942 -Rodzaj dokumentu [ , ]
    • c
    • Rodzaj dokumentu
    • Książka
100 -Hasło główne - nazwa osobowa [1, ]
    • a
    • Nazwa osobowa (NP)
    • Cianciara, Dorota.
    • 9
    • KHW
    • 651765
245 -Strefa tytułu i oznaczenia odpowiedzialności [1,0]
    • a
    • Tytuł
    • Zarys współczesnej promocji zdrowia / Find
    • c
    • Pozostałe elementy strefy tytułu i oznaczenia odpowiedzialności (NP)
    • Dorota Cianciara.
260 -Strefa adresu wydawniczego [ , ]
    • a
    • Miejsce wydania (P)
    • Warszawa :
    • b
    • Nazwa wydawcy (P)
    • Wydawnictwo Lekarskie PZWL,
    • c
    • Data wydania (P)
    • cop. 2010.
300 -Strefa opisu fizycznego [ , ]
    • a
    • Określenie formy książki i/lub objętość (NP)
    • 243, [1] s. :
    • b
    • Oznaczenie ilustracji (NP)
    • il. ;
    • c
    • Format (NP)
    • 21 cm.
336 -Typ zawartości [ , ]
    • a
    • Termin opisujący typ zawartości
    • Tekst
    • b
    • Kod określający zawartość
    • txt
    • 2
    • Źródło (terminu i kodu)
    • rdacontent
337 -Typ mediów [ , ]
    • a
    • Tryb odtwarzania
    • Bez urządzenia pośredniczącego
    • b
    • Kod typu mediów
    • n
    • 2
    • Źródło (terminu i kodu)
    • rdamedia
338 -Typ/rodzaj nośnika [ , ]
    • a
    • Hasło opisujące typ nośnika
    • Wolumin
    • b
    • Kod typu nośnika
    • nc
    • 2
    • Źródło (terminu i kodu)
    • rdacarrier
504 -Uwaga dot. bibliogr. załącznikowej [ , ]
    • a
    • Uwaga dot. bibliografii załącznikowej
    • Bibliogr. s. 226-240. Indeks.
521 -Uwaga dot. przeznaczenia czytelniczego [8, ]
    • a
    • Uwaga dot. przeznaczenia czytelniczego
    • Dla lekarzy odbywających specjalizacje podstawowe, dla wszystkich lekarzy - zwłaszcza pracujących w podstawowej opiece zdrowotnej i Państwowej Inspekcji Sanitarnej, dla studentów kierunków medycznych.
530 -Uwaga dot. innej postaci fizycznej dokumentu [ , ]
    • a
    • Uwaga dot. innej postaci fizycznej dokumentu
    • Dostępna także w formie elektronicznej.
080 -Uniwersalna Klasyfikacja Dziesiętna [ , ]
    • 2
    • Identyfikator wydania tablic
    • UDC-P058
    • 9
    • UKD
    • 4577
    • a
    • Symbol klasyfikacji
    • 613
    • b
    • Dopowiedzenie
    • Higiena ogólna i osobista.
    • 4
    • UKD2
    • 9050
    • x
    • Poddział wspólny
    • -048.65
    • c
    • Dopowiedzenie poddz. wspólnego
    • -Promocja. Zachęcanie. Stymulacja.
    • 4
    • UKD2
    • 8594
    • x
    • Poddział wspólny
    • (07)
    • c
    • Dopowiedzenie poddz. wspólnego
    • (Wydawnictwa dydaktyczne. Podręczniki).
080 -Uniwersalna Klasyfikacja Dziesiętna [ , ]
    • 2
    • Identyfikator wydania tablic
    • UDC-P058
    • 9
    • UKD
    • 4600
    • a
    • Symbol klasyfikacji
    • 614
    • b
    • Dopowiedzenie
    • Zdrowie i bezpieczeństwo publiczne.
    • 4
    • UKD2
    • 9050
    • x
    • Poddział wspólny
    • -048.65
    • c
    • Dopowiedzenie poddz. wspólnego
    • -Promocja. Zachęcanie. Stymulacja.
    • 4
    • UKD2
    • 8594
    • x
    • Poddział wspólny
    • (07)
    • c
    • Dopowiedzenie poddz. wspólnego
    • (Wydawnictwa dydaktyczne. Podręczniki).
650 -Hasło przedmiotowe [ ,7]
    • a
    • Hasło przedmiotowe
    • Promocja zdrowia
    • y
    • Określnik chronologiczny
    • 1990-.
    • 2
    • Źródło terminu
    • kaba
    • 9
    • KHW
    • 381632
980 -Symbol UKD [ , ]
    • a
    • UKD
    • 613/614-048.65(07)
710 -Hasło dodatkowe - nazwa ciała zbiorowego [2, ]
    • a
    • Nazwa ciała zbiorowego lub nazwa geograficzna jako pierwszy element (NP)
    • Wydawnictwo Lekarskie PZWL.
    • 4
    • Kod relacji
    • pbl
    • 9
    • KHW
    • 57488
856 -Dostęp do wersji elektronicznej [4,1]
    • z
    • Uwaga
    • Dostęp autoryzowany na podstawie IP komputera oraz dla użytkowników posiadających indywidualne hasło w bazie IBUK Libra
920 -ISBN [ , ]
    • a
    • ISBN
    • 978-83-200-4141-5 Find
Status udost. Numer inwentarzowy Lokalizacja Sygnatura Data inwentaryzacji
-3WM.13165BG 2012-04-18
-3WM.13166BG 2012-04-18
-3WM.13167BG 2012-04-18
1WF.8907BMWychowanie zdrowotne 282011-12-21